Statistics for Food and Drink in Chinese

Click here to take the quiz!

General Stats

  • This quiz has been taken 23 times
  • The average score is 15 of 24

Answer Stats

Hint Answer % Correct
tea
90%
面包bread
85%
面条noodles
80%
咖啡coffee
80%
早饭breakfast
75%
葡萄酒wine
70%
饺子dumpling
70%
筷子chopsticks
70%
快餐fast food
70%
菜单menu
65%
冰淇淋ice cream
65%
soup
65%
蛋糕cake
65%
香蕉banana
60%
酱油soy sauce
60%
prawn
55%
西兰花broccoli
55%
胡萝卜carrot
55%
sweet
55%
spicy
55%
sour
50%
pepper
45%
salt
45%
steam
45%

Score Distribution

Percentile by Number Answered

Percent of People with Each Score

Your Score History

You have not taken this quiz